[Event "Titled Tuesday intern op 7th July"]
[Site "Chess.com INT"]
[Date "2015.07.07"]
[Round "9"]
[White "Diaz, Conrado"]
[Black "Sztokbant, Bernardo Vainzoff"]
[Result "1-0"]
[WhiteElo "2259"]
[BlackElo "2257"]
[PlyCount "155"]
[EventDate "2015.07.07"]
[EventType "swiss (blitz)"]
[EventRounds "9"]
[EventCountry "USA"]
[SourceTitle "EXT 2021"]
[Source "ChessBase"]
[SourceDate "2020.10.23"]
[SourceVersion "1"]
[SourceVersionDate "2020.10.23"]
[SourceQuality "1"]

1. d4 d5 2. Nf3 Nf6 3. Bf4 Bf5 4. c4 c6 5. Qb3 Qb6 6. c5 Qxb3 7. axb3 Nbd7 8. h3 a6 9. Nbd2 h6 10. e3 e6 11. b4 Rc8 12. Nb3 Ra8 13. b5 cxb5 14. Bxb5 Be7 15. Ne5 Rc8 16. Ba4 Bc2 17. 0-0 Bxb3 18. Bxb3 Nxe5 19. Bxe5 0-0 20. Ba4 Rfd8 21. f3 Nd7 22. Bxd7 Rxd7 23. b4 f6 24. Bg3 Bd8 25. b5 axb5 26. Rfb1 Bc7 27. Bxc7 Rcxc7 28. Rxb5 Kf7 29. Rab1 e5 30. Kf2 Re7 31. Rb6 Rcd7 32. R1b2 Rc7 33. h4 h5 34. Rd6 Red7 35. Rbb6 exd4 36. exd4 Ke7 37. g4 hxg4 38. fxg4 Kf7 39. h5 Kg8 40. Kf3 Kf7 41. h6 gxh6 42. Rxf6+ Kg7 43. Rg6+ Kf8 44. Rxh6 Rf7+ 45. Rhf6 Rxf6+ 46. Rxf6+ Kg7 47. Rd6 Rf7+ 48. Kg3 Re7 49. Rxd5 Kg6 50. Kf4 Rf7+ 51. Ke4 Rf1 52. Rd7 Re1+ 53. Kd5 Rb1 54. Re7 Kg5 55. Re4 Rb4 56. Ke5 Rc4 57. Kd6 Kh4 58. Kc7 Rb4 59. c6 bxc6 60. Kxc6 Kg5 61. Kc5 Ra4 62. Kb5 Ra1 63. d5 Rd1 64. Kc6 Kf6 65. d6 Rc1+ 66. Kd7 Rd1 67. Kc7 Rc1+ 68. Kd8 Kf7 69. d7 Rd1 70. g5 Rg1 71. Kc7 Rc1+ 72. Kd6 Rd1+ 73. Kc6 Rc1+ 74. Kd5 Rd1+ 75. Rd4 Rxd4+ 76. Kxd4 Ke7 77. g6 Kxd7 78. g7 1-0

[Event "Bangkok blitz"]
[Site "Bangkok"]
[Date "2014.04.15"]
[Round "7"]
[White "Diaz, Conrado"]
[Black "Liu, Yan"]
[Result "0-1"]
[WhiteElo "2246"]
[BlackElo "2149"]
[PlyCount "162"]
[EventDate "2014.04.15"]
[EventType "tourn (blitz)"]
[EventRounds "15"]
[EventCountry "THA"]
[SourceTitle "EXT 2016"]
[Source "ChessBase"]
[SourceDate "2015.10.08"]
[SourceVersion "1"]
[SourceVersionDate "2015.10.08"]
[SourceQuality "1"]

1. d4 Nf6 2. Nf3 e6 3. Bg5 d5 4. e3 Be7 5. Nbd2 0-0 6. Bd3 c5 7. c3 c4 8. Bc2 h6 9. Bh4 b5 10. Ne5 Bb7 11. f4 Ne4 12. Bxe7 Qxe7 13. 0-0 Nd7 14. Nxe4 dxe4 15. a3 a5 16. Qd2 Bd5 17. h3 Rfb8 18. f5 exf5 19. Rxf5 Nxe5 20. Rxe5 Qb7 21. Rf1 Re8 22. Ref5 Be6 23. Rc5 Bd5 24. Rf5 Rad8 25. Rcxd5 Rxd5 26. Rf4 f5 27. Bd1 b4 28. cxb4 axb4 29. axb4 Rb8 30. Bh5 Qxb4 31. Qf2 Qxb2 32. Qg3 Qb6 33. Be2 Rc8 34. Qf2 c3 35. Rxf5 Qe6 36. Rxd5 Qxd5 37. Bd1 Rf8 38. Qe2 Rb8 39. Qc2 Rb2 40. Qxc3 Rb1 41. Qc2 Ra1 42. Kh2 Qd6+ 43. Kg1 Qg6 44. Kh2 Kh7 45. Bg4 Qd6+ 46. g3 Qd5 47. Bf3 Qa2 48. Bxe4+ Kh8 49. Qxa2 Rxa2+ 50. Kg1 Re2 51. Bf3 Rxe3 52. Kf2 Rd3 53. d5 Kg8 54. Ke2 Ra3 55. Bg4 Rxg3 56. Be6+ Kf8 57. Kf2 Ra3 58. Ke2 Ke7 59. Kf2 Kd6 60. Kg2 Ra5 61. Kg3 Ra4 62. Bf7 Rd4 63. Be6 Ke5 64. Bg8 g5 65. Be6 h5 66. Bf7 Rd3+ 67. Kg2 h4 68. Be6 Kf4 69. Kf2 Rd2+ 70. Ke1 Rd4 71. Kf2 Ke5 72. Bg8 Rd3 73. Kg2 Kf4 74. Be6 Rd2+ 75. Kf1 Kg3 76. Ke1 Rd4 77. Ke2 Kf4 78. Kf2 Rd2+ 79. Ke1 Ke3 80. Kf1 Rd4 81. Kg2 Kf4 0-1

[Event "Bangkok blitz"]
[Site "Bangkok"]
[Date "2014.04.15"]
[Round "5"]
[White "Diaz, Conrado"]
[Black "Socko, Bartosz"]
[Result "0-1"]
[WhiteElo "2246"]
[BlackElo "2651"]
[PlyCount "56"]
[EventDate "2014.04.15"]
[EventType "tourn (blitz)"]
[EventRounds "15"]
[EventCountry "THA"]
[SourceTitle "EXT 2016"]
[Source "ChessBase"]
[SourceDate "2015.10.08"]
[SourceVersion "1"]
[SourceVersionDate "2015.10.08"]
[SourceQuality "1"]

1. d4 Nf6 2. Nf3 e6 3. Bg5 h6 4. Bxf6 Qxf6 5. e4 d6 6. Nc3 Qd8 7. Bd3 g6 8. Qe2 Bg7 9. h4 h5 10. e5 Nc6 11. 0-0-0 Ne7 12. d5 exd5 13. Bb5+ c6 14. exd6 Qxd6 15. Rxd5 Qf4+ 16. Kb1 Bxc3 17. bxc3 cxb5 18. Re1 Be6 19. Qxb5+ Nc6 20. Ng5 Qxf2 21. Re2 Qb6 22. Qxb6 axb6 23. Nxe6 fxe6 24. Rxe6+ Kf7 25. Rdd6 Ne7 26. Rxb6 Rhc8 27. Rf6+ Kg7 28. Rfe6 Rc7 0-1

[Event "Bangkok blitz"]
[Site "Bangkok"]
[Date "2014.04.15"]
[Round "6"]
[White "Gomez, John Paul"]
[Black "Diaz, Conrado"]
[Result "1/2-1/2"]
[WhiteElo "2541"]
[BlackElo "2246"]
[PlyCount "76"]
[EventDate "2014.04.15"]
[EventType "tourn (blitz)"]
[EventRounds "15"]
[EventCountry "THA"]
[SourceTitle "EXT 2016"]
[Source "ChessBase"]
[SourceDate "2015.10.08"]
[SourceVersion "1"]
[SourceVersionDate "2015.10.08"]
[SourceQuality "1"]

1. e4 d5 2. exd5 Qxd5 3. Nc3 Qa5 4. d4 Nf6 5. Nf3 c6 6. Bc4 Bf5 7. Ne5 e6 8. g4 Be4 9. f3 Bd5 10. Bd3 Nbd7 11. Qe2 Nxe5 12. dxe5 Nd7 13. Bd2 Qc7 14. Nxd5 cxd5 15. f4 a6 16. 0-0-0 0-0-0 17. Kb1 Kb8 18. Be3 Bc5 19. c3 Bxe3 20. Qxe3 h5 21. g5 g6 22. Be2 Rc8 23. Rd4 Qc5 24. Rc1 Rc7 25. b3 Nb6 26. Kb2 Nc8 27. c4 Ne7 28. cxd5 Qxc1+ 29. Qxc1 Rxc1 30. Kxc1 Nxd5 31. Bf3 Ne7 32. Rd7 Rc8+ 33. Kb2 Rc7 34. Rd8+ Rc8 35. Rd7 Rc7 36. Rd8+ Rc8 37. Rd7 Rc7 38. Rd8+ Rc8 1/2-1/2